<?xml version="1.0" encoding="UTF-8"?>
<marc:record xmlns:marc="http://www.loc.gov/MARC21/slim">
   <marc:leader>00000nam a2200000 a 4500</marc:leader>
   <marc:datafield ind1="1" ind2=" " tag="100">
      <marc:subfield code="a">Vaas, Rüdiger</marc:subfield>
      <marc:subfield code="4">aut</marc:subfield>
      <marc:subfield code="e">Verfasser/-in</marc:subfield>
   </marc:datafield>
   <marc:datafield ind1="0" ind2="0" tag="245">
      <marc:subfield code="a">Einfach Einstein!</marc:subfield>
   </marc:datafield>
   <marc:datafield ind1="0" ind2="0" tag="245">
      <marc:subfield code="b">geniale Gedanken schwerelos verständlich</marc:subfield>
   </marc:datafield>
   <marc:datafield ind1="0" ind2="0" tag="245">
      <marc:subfield code="c">Rüdiger Vaas</marc:subfield>
   </marc:datafield>
   <marc:datafield ind1=" " ind2="1" tag="264">
      <marc:subfield code="a">Stuttgart</marc:subfield>
      <marc:subfield code="b">Kosmos</marc:subfield>
      <marc:subfield code="c">2018</marc:subfield>
   </marc:datafield>
   <marc:datafield ind1="1" ind2=" " tag="520">
      <marc:subfield code="a">Angaben aus der Verlagsmeldung

Einfach Einstein! : Geniale Gedanken schwerelos verständlich / von Rüdiger Vaas

Albert Einstein hat vor über 100 Jahren das Weltall neu erfunden. Seine Relativitätstheorie ist noch immer topaktuell, wie der Nachweis von Gravitationswellen aktuell gezeigt hat. Doch was genau hat der Popstar der Physik eigentlich entdeckt, wie wurden seine Theorien bestätigt und warum würde ohne sie kein Navigationsgerät funktionieren? „Einfach Einstein!“ entführt in die wundersame Welt von Zeitreisen, sonderbaren Quanteneffekten und dem verbogenen Universum und erklärt die genialen Gedanken des kauzigen Jahrhunderttalents so pfiffig und einfach wie möglich. Mit witzigen Illustrationen und spielerischem Wissensquiz.
</marc:subfield>
   </marc:datafield>
   <marc:datafield ind1=" " ind2=" " tag="020">
      <marc:subfield code="a">9783440158364</marc:subfield>
      <marc:subfield code="9">9783440158364</marc:subfield>
   </marc:datafield>
   <marc:datafield ind1=" " ind2=" " tag="020">
      <marc:subfield code="a">3440158365</marc:subfield>
      <marc:subfield code="9">3440158365</marc:subfield>
   </marc:datafield>
   <marc:datafield ind1=" " ind2=" " tag="041">
      <marc:subfield code="a">ger</marc:subfield>
   </marc:datafield>
   <marc:datafield ind1=" " ind2=" " tag="300">
      <marc:subfield code="a">128 Seiten</marc:subfield>
   </marc:datafield>
</marc:record>
